Diseases and disorders A-Z - Statistics

General Stats
  • This quiz has been taken 123 times
  • The average score is 6 of 26
Answer Stats
Hint Answer % Correct
A temperature over 100degrees farenheit Fever
71%
Where you lose yourmemory at random times Dementia
63%
A disease that causes numbnessand is carried by mostly by bats also you foam from the mouth Rabies
63%
Where the heart stops Cardiac Arrest
62%
A septic infection caused by infectedmosquitoes biting you Malaria
57%
Weakens bones making themmore fragile Osteoporosis
43%
Cancer on/in your epidermis Skin Cancer
40%
A bacterial infection that goes throughthe urethra Urinary Tract Infection
33%
Where the joints become swollen and red Gout
32%
Death disease carriedby rodents and fleas Black plague
29%
A sever allergic reaction(Life or Death) Anaphylactic Shock
27%
A viral disease transferred by infectedmosquitoes Yellow Fever
26%
When the pancreas fails also leadsto type1 diabetes Pancreatitis
24%
Cancer on the glands around yourlarynx Thyroid Cancer
21%
Where someone is capableof producing both male and female reproductive cells Hermaphroditism
15%
When the peripheral nerves getdamaged and causes this Neuropathy
5%
Makes people think othersare in love with them Erotomania
4%
Causes blood vessels to becomeswollen and inflamed Kawasaki disease
4%
A fungal infection that affects the tissues and organs Zygomycosis
2%
Pain in the esophagus dueto acid reflux Indegestion
1%
Causes weakness in all four limbs Quadriparesis
1%
A vitamin needed or else would causeanemia all throughout your body Vitamin B12 Deficiency
1%
Causes extreme sensitivity to theskin from the sun Xeroderma Pigmentosum
1%
A genetic disorder thatimpacts the immune system and causes numbers of health issues Job Syndrome
0%
Causes the throat to close up Laryngospam
0%
Causes rapid growth and abnormalfacial features Weaver syndrome
0%
No matching quizzes found
Score Distribution
Percent of People with Each Score
Percentile by Number Answered
Your Score History
You have not taken this quiz